• 首页
  • 本馆介绍
  • 公告通知
  • 最新文献
  • 馆藏检索
  • 电子资源
  • 读者导购
  • 参考咨询
  • 我的图书馆
  • 登录
  • 详细信息显示
  • 放入我的书架
  • 预约/预借图书
  • 作者相关作品
  • 分类相关作品
  • 丛书相关作品
  • 出版社相关作品

书目信息

  • 表格格式
  • 工作单格式
  • 卡片格式
题名:
地史关键转折期微生物岩特征研究
    
 
作者: 唐浩 , 刘宏 , 李飞 著
分册:  
出版信息: 北京   石油工业出版社  2019
页数: 138页
开本: 26cm
丛书名:
单 册:
中图分类: P588.24 , P58
科图分类:
主题词: 化学岩--研究--寒武纪--三叠纪
电子资源:
ISBN: 978-7-5183-3469-8
000 01536nam0 2200289 450
001 2363540733
005 20231102173927.64
010    @a978-7-5183-3469-8@dCNY49.00
100    @a20200408d2019 em y0chiy50 ea
101 0  @achi
102    @aCN@b110000
105    @aab z 000yy
200 1  @a地史关键转折期微生物岩特征研究@9di shi guan jian zhuan zhe qi wei sheng wu yan te zheng yan jiu@e以早寒武世和二叠-三叠纪之交为例@f唐浩, 刘宏, 李飞著
210    @a北京@c石油工业出版社@d2019
215    @a138页@c图,照片,地图@d26cm
312    @a封面英文题名:Characterizing microbialites in critical transitions of earth history: cases from lower cambrian and permian-triassic transition
330    @a本书以四川广元唐家河下寒武统仙女洞组和四川江油鱼洞子下三叠统飞仙关组微生物岩为研究对象,通过描述巨、宏、中、微构造特征,分析发育过程和沉积环境,测试剖面无机碳稳定同位素和微生物岩的主量元素、微量元素及稀土元素,探讨了寒武纪生物大爆发和二叠纪末生物灭绝事件期间浅海微生物岩的基本特征,从而为分析和重建这两大地史关键转折期中的古海洋演化提供重要证据。
510 1  @aCharacterizing microbialites in critical transitions of earth history@ecases from lower cambrian and permian-triassic transition@zeng
517 1  @a以早寒武世和二叠-三叠纪之交为例@9yi zao han wu shi he er die-san die ji zhi jiao wei li
606 0  @a化学岩@x研究@z寒武纪@z三叠纪
690    @aP588.24@v5
690    @aP58@v4
701  0 @a唐浩@9tang hao@4著
701  0 @a刘宏@9liu hong@4著
701  0 @a李飞@9li fei@4著
801  0 @aCN@b91MARC@c20200408
905    @aBZT@dP58@e5
    
    地史关键转折期微生物岩特征研究:以早寒武世和二叠-三叠纪之交为例/唐浩, 刘宏, 李飞著.-北京:石油工业出版社,2019
    138页:图,照片,地图;26cm
    
    
    ISBN 978-7-5183-3469-8:CNY49.00
    本书以四川广元唐家河下寒武统仙女洞组和四川江油鱼洞子下三叠统飞仙关组微生物岩为研究对象,通过描述巨、宏、中、微构造特征,分析发育过程和沉积环境,测试剖面无机碳稳定同位素和微生物岩的主量元素、微量元素及稀土元素,探讨了寒武纪生物大爆发和二叠纪末生物灭绝事件期间浅海微生物岩的基本特征,从而为分析和重建这两大地史关键转折期中的古海洋演化提供重要证据。
●
相关链接 在五车中查询图书 在当当中查询图书 在豆瓣中查询图书


正题名:地史关键转折期微生物岩特征研究     索取号:P58/5         预约/预借

序号 登录号 条形码 馆藏地/架位号 状态 备注
1 2000977236   2000977236   中教、安徽混合/山东中教(第一批)/93/ [索取号:P58/5] 在馆    
2 2000977237   2000977237   中教、安徽混合/山东中教(第一批)/93/ [索取号:P58/5] 在馆    
3 2000977238   2000977238   中教、安徽混合/山东中教(第一批)/93/ [索取号:P58/5] 在馆    
4 2000977239   2000977239   中教、安徽混合/山东中教(第一批)/93/ [索取号:P58/5] 在馆    
5 2000977240   2000977240   中教、安徽混合/山东中教(第一批)/93/ [索取号:P58/5] 在馆    
6 2000977241   2000977241   中教、安徽混合/山东中教(第一批)/93/ [索取号:P58/5] 在馆    
山东省滨州职业学院图书馆 欢迎您!
大连网信软件有限公司© 版权所有